Garázsszövetkezet alakult Szegeden
Elmentve itt :
| Szerző: | |
|---|---|
| Dokumentumtípus: | Cikk |
| Megjelent: |
1970-10-04
|
| Sorozat: | Délmagyarország
60 No. 233 |
| Kulcsszavak: | Garázsépítő Szövetkezet, Városfejlesztés garázsépítés Szeged 1970 |
| Online Access: | http://dmarchiv.bibl.u-szeged.hu/69602 |
| LEADER | 00522nab a2200157 i 4500 | ||
|---|---|---|---|
| 001 | delm69602 | ||
| 005 | 20180927153644.0 | ||
| 008 | 180927s1970 hu o 0|| hun d | ||
| 040 | |a SZTE Délmagyarország Archívum |b hun | ||
| 041 | |a hun | ||
| 100 | 1 | |a Kondorosi János | |
| 245 | 1 | 0 | |a Garázsszövetkezet alakult Szegeden |h [elektronikus dokumentum] / |c Kondorosi János |
| 260 | |c 1970-10-04 | ||
| 300 | |a 5 | ||
| 490 | 0 | |a Délmagyarország |v 60 No. 233 | |
| 695 | |a Garázsépítő Szövetkezet, Városfejlesztés garázsépítés Szeged 1970 | ||